| 000 | 00597nam a2200241 a 4500 | ||
|---|---|---|---|
| 001 | nice12345678 | ||
| 003 | IN_TiNIC | ||
| 005 | 20260116013207.0 | ||
| 008 | 050524s1997 musa grp 000 0 eng | ||
| 020 |
_a0951308 _c300 |
||
| 082 | 0 | 0 |
_a954 _bMAN |
| 100 | _aMangalwadi, Vishal | ||
| 245 |
_aIndia _b the Grand Experiment |
||
| 260 |
_aMussoorie _bNivedit Good Books _c1997 |
||
| 300 | _a365p | ||
| 500 | _aincludes index and biblioraphy | ||
| 505 | 2 | _aEnd Noted, Index | |
| 650 | _aIndia | ||
| 700 | 1 | _aMangalwadi, Vishal | |
| 902 | _bSRS | ||
| 942 | _cBK | ||
| 999 |
_c10063 _d10063 |
||